| 000 | 01244cam a2200349 a 4500 | ||
|---|---|---|---|
| 001 | 679801 | ||
| 003 | SISC | ||
| 005 | 20160304134937.0 | ||
| 008 | 950605s1995 enkab b 001 0 eng | ||
| 010 | _a 95160458 | ||
| 020 | _a0415014131 (cased) | ||
| 040 |
_aDLC _cDLC _dDLC |
||
| 043 | _ae-uk--- | ||
| 050 | 0 | 0 |
_aPR 2812 _b.Sh527he 1997 |
| 082 | 0 | 0 |
_aHS 822.33W3 _bSh1 1995 |
| 100 | 1 |
_aShakespeare, William, _d1564-1616. _913415 |
|
| 240 | 1 | 0 | _aHenry V |
| 245 | 1 | 0 |
_aKing Henry V / _c[William Shakespeare] ; edited by T.W. Craik. |
| 260 |
_aNew York : _bRoutledge, _c1997. |
||
| 300 |
_axxi, 419 p. : _bill. ; _c20 cm. |
||
| 490 | 1 | _aThe Arden Shakespeare | |
| 504 | _aIncludes bibliographical references (p. 406-415) and index. | ||
| 600 | 0 | 0 |
_aHenry _bV, _cKing of England, _d1387-1422 _xDrama. _913416 |
| 651 | 0 |
_aGreat Britain _xHistory _yHenry V, 1413-1422 _xDrama. _913417 |
|
| 655 | 7 |
_aHistorical drama. _2gsafd _911358 |
|
| 700 | 1 |
_aCraik, T. W. _q(Thomas Wallace) _913418 |
|
| 800 | 1 |
_aShakespeare, William, _d1564-1616. _tWorks. _f1995. _913419 |
|
| 906 |
_a7 _bcbc _corignew _d2 _encip _f19 _gy-gencatlg |
||
| 942 |
_2lcc _cBK |
||
| 999 |
_c9382 _d9382 |
||